Fundamentals of investments : (Record no. 13293)

000 -LEADER
fixed length control field 00618cam a22002174a 4500
020 ## - INTERNATIONAL STANDARD BOOK NUMBER
ISBN 0072443316
020 ## - INTERNATIONAL STANDARD BOOK NUMBER
ISBN 0072443367 (disc)
020 ## - INTERNATIONAL STANDARD BOOK NUMBER
ISBN 0072504439 (set)
020 ## - INTERNATIONAL STANDARD BOOK NUMBER
ISBN 0071123148
040 ## - CATALOGING SOURCE
Transcribing agency DLC
082 00 - DEWEY DECIMAL CLASSIFICATION NUMBER
Classification number 332 MCG 2002 A013 Or.
100 1# - MAIN ENTRY--AUTHOR NAME
Personal name Corrado, Charles J
245 10 - TITLE STATEMENT
Title Fundamentals of investments :
Remainder of title valuation and management /
250 ## - EDITION STATEMENT
Edition statement 2nd ed
260 ## - PUBLICATION, DISTRIBUTION, ETC. (IMPRINT)
Place of publication Boston, Mass. :
Name of publisher McGraw-Hill,
Year of publication 2002
300 ## - PHYSICAL DESCRIPTION
Number of Pages xxxv, 604 p. :
Other physical details ill. ;
Dimensions 26 cm. + 1 computer optical disc (4 3/4 in.)
500 ## - GENERAL NOTE
General note Includes indexes
650 #0 - SUBJECT ADDED ENTRY--TOPICAL TERM
Topical Term Investments
700 1# - ADDED ENTRY--PERSONAL NAME
Personal name Jordan, Bradford D
942 ## - ADDED ENTRY ELEMENTS (KOHA)
Koha item type សៀវភៅភាសាអង់គ្លេស
952 ## - LOCATION AND ITEM INFORMATION (KOHA)
Withdrawn status [LOCAL, KOHA] 0
Holdings
Permanent Location Date acquired Koha item type Lost status Shelving location Barcode Current Location Full call number
Library Block A2017-08-23សៀវភៅភាសាអង់គ្លេស A013A20225Library Block A332 MCG 2002 A013 Or.
មជ្ឈមណ្ឌលឯការនៃសាកលវិទ្យាល័យភូមិន្ទកសិកម្មចំការដូង

Powered by Koha